Statistics for Top 5 Least Stable Countries By Continent

Click here to take the quiz!

General Stats

  • This quiz has been taken 192 times
  • The average score is 20 of 25

Answer Stats

Africa% Correct
Venezuela
89%
Bolivia
86%
Honduras
86%
Iraq
86%
Afghanistan
85%
Haiti
85%
Syria
85%
Ukraine
85%
Colombia
83%
Ecuador
81%
El Salvador
80%
Paraguay
80%
Belarus
79%
Nicaragua
79%
Somalia
79%
Sudan
79%
Guatemala
78%
Russia
76%
South Sudan
76%
Moldova
75%
Yemen
73%
Pakistan
68%
Chad
67%
Central African Republic
64%
Bosnia
59%

Score Distribution

Percentile by Number Answered

Percent of People with Each Score

Your Score History

You have not taken this quiz